Strategic Market Planning / Problems and Analytical Approaches (Record no. 1471)
[ view plain ]
| 000 -LEADER | |
|---|---|
| fixed length control field | 01716cam a22002174a 4500 |
| 005 - ΗΜΕΡΟΜΗΝΙΑ ΚΑΙ ΩΡΑ ΤΕΛΕΥΤΑΙΑΣ ΕΝΗΜΕΡΩΣΗΣ | |
| Πεδίο ελέγχου | 20250605164010.0 |
| 008 - FIXED-LENGTH DATA ELEMENTS--GENERAL INFORMATION | |
| Πεδίο ελέγχου σταθερού μήκους | 250528s ||||||||||||||||||||||||d |
| 035 ## - SYSTEM CONTROL NUMBER | |
| System control number | 15923 |
| 020 ## - ISBN | |
| ISBN | 138510490 |
| 040 ## - ΠΗΓΗ ΚΑΤΑΛΟΓΟΓΡΑΦΗΣΗΣ | |
| Φορέας πρωτότυπης καταλογογράφησης | MC Athens Campus Library |
| Γλώσσα καταλογογράφησης | Ελληνικά, Μοντέρνα (1453-) |
| Modifying agency | MC Athens Campus Library |
| Κανόνες περιγραφικής καταλογογράφησης | AACR2 |
| 245 1# - ΤΙΤΛΟΣ ΚΑΙ ΔΗΛΩΣΗ ΥΠΕΥΘΥΝΟΤΗΤΑΣ | |
| Τίτλος | Strategic Market Planning / Problems and Analytical Approaches |
| 260 ## - PUBLICATION, DISTRIBUTION, ETC. | |
| Name of publisher, distributor, etc. | Prentice Hall, |
| Date of publication, distribution, etc. | 1979 |
| 300 ## - PHYSICAL DESCRIPTION | |
| Extent | 530 |
| 505 0# - FORMATTED CONTENTS NOTE | |
| Formatted contents note | Analytical Prerequisites for Strategic Planning ,The Nature of Strategic Market Planning, Analyzing Market Opportunity and Assessing Company Capability, Cost Dynamics: Scale and Experience Effects, Formal Strategic Planning Methods, Portofolio Analysis, Market Attractiveness and Business Position Assessment, The Use of Pooled Business Experience: The Pims Project, The Formal Methods Compared, Creative and Managerial Aspects of Planning, Defining the Business and Making Bridges to othe Strategic Decisions, The Human Side of Planning, Preparing a Strategic Market Plan, Index of Text. |
| 520 ## - SUMMARY, ETC. | |
| Summary, etc. | Analytical Prerequisites for Strategic Planning ,The Nature of Strategic Market Planning, Analyzing Market Opportunity and Assessing Company Capability, Cost Dynamics: Scale and Experience Effects, Formal Strategic Planning Methods, Portofolio Analysis, Market Attractiveness and Business Position Assessment, The Use of Pooled Business Experience: The Pims Project, The Formal Methods Compared, Creative and Managerial Aspects of Planning, Defining the Business and Making Bridges to othe Strategic Decisions, The Human Side of Planning, Preparing a Strategic Market Plan, Index of Text. |
| 700 1# - ΠΡΟΣΘΕΤΗ ΑΝΑΓΡΑΦΗ--ΦΥΣΙΚΟ ΠΡΟΣΩΠΟ | |
| Personal name | Abell F. Derek |
| 9 (RLIN) | 1953 |
| 700 1# - ΠΡΟΣΘΕΤΗ ΑΝΑΓΡΑΦΗ--ΦΥΣΙΚΟ ΠΡΟΣΩΠΟ | |
| Personal name | Hammond S. John |
| 9 (RLIN) | 1954 |
| 942 ## - ADDED ENTRY ELEMENTS (KOHA) | |
| Koha item type | Books |
| Τύπος τεκμηρίου | Βιβλιοθήκη | Τρέχουσα τοποθεσία | Barcode | Αριθμός εισαγωγής | Ημερομηνία απόκτησης | Ταξιθετικό σύμβολο | Αριθμός αντιτύπου | Κατάσταση απόσυρσης | Κατάσταση χαμένου | Κατάσταση κατεστραμμένου | Μη δανεισμός | Σύνολο δανεισμών | Ημερομηνία τελευταίας εμφάνισης | Η τιμή ισχύει από |
|---|---|---|---|---|---|---|---|---|---|---|---|---|---|---|
| Books | MC Athens Campus Library | MC Athens Campus Library | 9780000014702 | 2538 | 05/06/2025 | 658.8 ABE | 1 | 05/06/2025 | 05/06/2025 |